000
00252nam a22001097a 4500
082
_a
669.7 MAC
100
_a
PDF
_9
56879
245
_a
MACHINING DIFFICULT ALLOYS
260
_a
NEWYORK
_b
AMERICAN SOCIETY FOR METALS
_c
1962
300
_a
362P
942
_c
BK
999
_c
585166
_d
585166